| 000 | 00906cam a2200277 a 4500 | ||
|---|---|---|---|
| 001 | 5385 | ||
| 003 | BD-DhEWU | ||
| 005 | 20140721114007.0 | ||
| 008 | 110604s2001 en ao g 000 0 e d | ||
| 020 | _a0333953436 Paper back | ||
| 035 | _a(OCoLC)879941669 | ||
| 040 |
_aBD-DhEWU _dBD-DhEWU _beng _cBD-DhEWU |
||
| 041 | _aeng | ||
| 082 | 0 | 4 |
_a425.076 _bPRR 2001 |
| 100 |
_aProdromou, Luke _916238 |
||
| 245 | 1 | 0 |
_aRising star : _ban intermediate course / _cLuke Prodromou |
| 260 |
_aLondon : _bMacmillan, _c2001. |
||
| 300 |
_a127 p. : _bill.; _c28 cm. |
||
| 440 |
_aMacmillan Heinemann English language teaching _916242 |
||
| 526 | _aELT | ||
| 590 | _aShaharima Parvin | ||
| 653 | 0 | 0 | _aEnglish language |
| 653 | 0 | 0 | _aEnglish language-Grammar |
| 856 | 4 | 2 |
_3WorldCat details _uhttps://www.worldcat.org/title/rising-star-an-intermediate-course/oclc/879941669?ht=edition&referer=br |
| 942 |
_cTEXT _2ddc |
||
| 999 |
_c5385 _d5385 |
||